Manual de contabilidad para abogados
Gorde:
| Egile nagusia: | |
|---|---|
| Formatua: | Liburua |
| Hizkuntza: | gaztelania |
| Argitaratua: |
Santiago, Chile
Jurídica de Chile
1996
|
| Saila: | Colección Manuales Jurídicos.
105 |
| Gaiak: | |
| Etiketak: |
Etiketa erantsi
Etiketarik gabe, Izan zaitez lehena erregistro honi etiketa jartzen!
|
MARC
| LEADER | 00000nam a2200000 a 4500 | ||
|---|---|---|---|
| 001 | UCU1708 | ||
| 003 | CL-VaPUC | ||
| 005 | 20230314074546.0 | ||
| 008 | 960412e19960000CL |||||||||||||||||spa|d | ||
| 999 | |c 246233 |d 246231 | ||
| 040 | |c Pontificia Universidad Católica de Valparaíso | ||
| 082 | 0 | 4 | |a 346.063 COM 1996 |2 21 |
| 100 | 0 | |a Composto Canales, Arnolfo |9 357392 | |
| 245 | 1 | 0 | |a Manual de contabilidad para abogados |
| 260 | 0 | 3 | |a Santiago, Chile |b Jurídica de Chile |c 1996 |
| 300 | |a 233 páginas. | ||
| 490 | 0 | |a Colección Manuales Jurídicos. |v 105 | |
| 583 | |a last modification |c 19960412 00:00:00 |k Rodrigo Vera | ||
| 650 | 0 | |a Contabilidad |9 261430 | |
| 650 | 0 | |a Abogados |9 256284 | |
| 650 | 0 | |a Patrimonio |9 257770 | |
| 650 | 0 | |a Balances |9 356958 | |
| 651 | 7 | |a CHILE |2 CL-VaPUC |9 357393 | |
| 942 | |c BK |2 ddc | ||
| 945 | |d 19960412 00:00:00 |a mcarcey | ||
| 952 | |0 0 |1 0 |2 ddc |4 0 |6 346_063000000000000_COM_1996 |7 0 |8 A |9 261021 |a BIBDER |b BIBDER |d 2019-11-19 |i 319082K |o 346.063 COM 1996 |p 319082K |r 2023-01-25 |t 1 |w 2019-11-19 |y BK |k DER | ||
| 952 | |0 0 |1 0 |2 ddc |4 0 |6 346_063000000000000_COM_1996 |7 0 |8 A |9 261022 |a BIBDER |b BIBDER |d 2019-11-19 |i 3197980 |o 346.063 COM 1996 |p 3197980 |r 2023-01-25 |t 2 |w 2019-11-19 |y BK |k DER | ||